Средневековые города в Западной Европе / (Record no. 522074)
[ view plain ]
| 000 -LEADER | |
|---|---|
| fixed length control field | 01028nam a2200205 a 4500 |
| 001 - CONTROL NUMBER | |
| control field | 1185320 |
| 003 - CONTROL NUMBER IDENTIFIER | |
| control field | AM-YEHGA |
| 005 - DATE AND TIME OF LATEST TRANSACTION | |
| control field | 20251029110314.0 |
| 008 - FIXED-LENGTH DATA ELEMENTS--GENERAL INFORMATION | |
| fixed length control field | 170623s1902 ru ||||gr|||| 000|0 rus d |
| 040 ## - CATALOGING SOURCE | |
| Original cataloging agency | AM-YEHGA |
| 041 0# - LANGUAGE CODE | |
| Language code of text/sound track or separate title | rus |
| 100 1# - MAIN ENTRY--PERSONAL NAME | |
| Personal name | Дживелегов, Алексей Карпович, |
| Dates associated with a name | 1875-1952 |
| 245 10 - TITLE STATEMENT | |
| Title | Средневековые города в Западной Европе / |
| Statement of responsibility, etc. | А.К. Дживелегов. |
| 260 ## - PUBLICATION, DISTRIBUTION, ETC. | |
| Place of publication, distribution, etc. | Санкт-Петербург : |
| Name of publisher, distributor, etc. | Брокгауз-Ефрон, |
| Date of publication, distribution, etc. | 1902. |
| 300 ## - PHYSICAL DESCRIPTION | |
| Extent | [4], 6, 248 с. ; |
| Dimensions | 25 см. |
| 440 #0 - SERIES STATEMENT/ADDED ENTRY--TITLE | |
| Title | История Европы по эпохам и странам в средние века и новое время |
| 504 ## - BIBLIOGRAPHY, ETC. NOTE | |
| Bibliography, etc. note | Библиогр.: "Основная литература по истории средневековых городов" (с. 242-248) |
| 650 14 - SUBJECT ADDED ENTRY--TOPICAL TERM | |
| Topical term or geographic name entry element | Всемирная история |
| Chronological subdivision | Средние века |
| Geographic subdivision | Западная Европа |
| General subdivision | Социально-экономический строй |
| 942 ## - ADDED ENTRY ELEMENTS (KOHA) | |
| Source of classification or shelving scheme | Universal Decimal Classification |
| Koha item type | Գրքեր / Books |
| Withdrawn status | Lost status | Source of classification or shelving scheme | Damaged status | Not for loan | Collection | Home library | Current library | Date acquired | Total checkouts | Full call number | Barcode | Date last seen | Price effective from | Koha item type | Public note |
|---|---|---|---|---|---|---|---|---|---|---|---|---|---|---|---|
| Universal Decimal Classification | General | Fundamental Scientific Library | Fundamental Scientific Library | 15/12/2021 | PII/68762 | FL0667635 | 15/12/2021 | 15/12/2021 | Գրքեր / Books | 30 Days Loan | |||||
| Kusikian Individual Collection | Fundamental Scientific Library | Fundamental Scientific Library | 23/07/2025 | Кус/3289 | FL0695764 | 23/07/2025 | 23/07/2025 | Գրքեր / Books | ILL Non-Circ |
ՀՀ Գիտությունների ազգային ակադեմիայի հիմնարար գիտական գրադարան = Fundamental Scientific Library of NAS RA
All site content, except where otherwise noted, is licensed under a